000 00408nam a22001457a 4500
008 250519b |||||||| |||| 00| 0 eng d
020 _a9780702080289
050 _aRT82.8
_b.W45
100 _aWelsh Marion M.
245 _aPratical General Practice Nursing
260 _aMissouri
_bElsevier
_c2022
300 _ax, 246p.
_billustration
650 _aNursing Handbooks, Manuals etc.
_vNursing Care
942 _cBK
999 _c3536
_d3536